000 01494nam a22003257a 4500
003 OSt
005 20231120113824.0
008 231120b |||||||| |||| 00| 0 eng d
010 _a 97016589
020 _a0538876018
040 _ammu
_cmmu
_dmmu
_bEng
050 0 0 _aHD30.25
_b.A63 1997
082 0 0 _a658.4/033
_221
100 1 _aAnderson, David R.
_q(David Ray),
_d1941-
245 1 0 _aQuantitative methods for business /
_cDavid R. Anderson, Dennis J. Sweeney, Thomas A. Williams.
250 _a7th ed.
260 _aCincinnati, Ohio :
_bSouth-Western College Pub.,
_cc1998.
300 _axix, 834 p. :
_bcol. ill., col. map ;
_c26 cm.
500 _aRev. ed. of: Quantitative methods for business / David R. Anderson, Dennis J. Sweeney, Thomas A. Williams. 6th ed. c1995.
504 _aIncludes bibliographical references (p. 787-789) and index.
650 0 _aManagement science.
700 1 _aSweeney, Dennis J.
700 1 _aWilliams, Thomas A.
_q(Thomas Arthur),
_d1944-
856 4 2 _3Contributor biographical information
_uhttp://www.loc.gov/catdir/enhancements/fy1513/97016589-b.html
856 4 2 _3Publisher description
_uhttp://www.loc.gov/catdir/enhancements/fy1513/97016589-d.html
856 4 1 _3Table of contents only
_uhttp://www.loc.gov/catdir/enhancements/fy1513/97016589-t.html
906 _a7
_bcbc
_corignew
_d1
_eocip
_f19
_gy-gencatlg
942 _2lcc
_cLOAN LOAN
999 _c23196
_d23196